| 000 | 01214nam a2200337 i 4500 | ||
|---|---|---|---|
| 003 | DO-SdBNP | ||
| 005 | 20250603102801.0 | ||
| 007 | ta | ||
| 008 | 250603b2024 dr ||||| |||| 00| 0 spa d | ||
| 020 | _a9789945637434 | ||
| 040 |
_aDO-SdBNP _bspa _cBNPHU _erda |
||
| 041 | _aspa | ||
| 082 | 4 |
_axxx _bJ41u _222 |
|
| 100 |
_aJavier, Eulogio, _d1963- _eautor _4aut. _911783 |
||
| 245 | 1 | 4 |
_aUna tarde con Ámbar y otros cuentos / _cEulogio Javier ; lectura editorial, Nancy Deps ; traducción, Marcela Gómez Lugo ; diseño gráfico, José María Seibó. |
| 250 | _aPrimera edición | ||
| 264 | 4 |
_aSan Juan, Puerto Rico : _bEditorial Isla Negra, _c©2024. |
|
| 300 |
_a246 páginas ; _c23 cm. |
||
| 336 |
_atexto _btxt _2rdacontent |
||
| 337 |
_asin mediación _bn _2rdamedia |
||
| 338 |
_avolumen _bnc _2rdacarrier |
||
| 490 | _aColección el rostro y la máscara | ||
| 500 | _aIncluye datos biográficos del autor en la solapa de la cubierta. | ||
| 500 | _aEdición Bilingüe | ||
| 546 | _aTexto en español inglés | ||
| 590 | _aInventariado, 2025 /LP | ||
| 700 | 1 |
_aGómez Lugo, Marcela, _etraductor _4tr. _979183 |
|
| 700 | 1 |
_aDeps, Nancy, _eeditor _4ed. _987963 |
|
| 910 | _aLP | ||
| 942 |
_2ddc _cLBS1 |
||
| 999 |
_c58601 _d58601 |
||